| 000 | 00846nam a22002535i 4500 | ||
|---|---|---|---|
| 001 | 165394 | ||
| 003 | ES-MaACL | ||
| 005 | 20240218063024.0 | ||
| 008 | 960307s1845 fr |||| | fre d | ||
| 040 |
_aEUS _bspa _cEUS |
||
| 100 | 1 |
_aSimon, Jules, _d1814-1896 _9224189 |
|
| 245 | 1 | 0 |
_aHistoire de l'École d'Alexandrie / _cpar Jules Simon. |
| 260 |
_aParis : _bJoubert, Libraire-Éditeur, _c1845 ( _fImprimerie de Fain et Thunot) |
||
| 300 |
_a2 v. ([6], 602 p. ; [4], 692 p.) ; _c23 cm. |
||
| 596 | 1 | _aColofón. | |
| 596 | 1 | _aMarca de ed. en port. | |
| 597 | 1 | _aSignaturizado numéricamente. | |
| 597 | 1 | _aAntep. | |
| 700 | 1 | 1 |
_aJoubert, Joseph, _eed. _9128363 |
| 700 | 2 | 1 |
_aFaint et Thunot, _eimp. _9127007 |
| 752 |
_aFrancia - _d, París |
||
| 852 |
_aES-MaACL _jF-11796-11797 _z-- Enc. hol. |
||
| 999 |
_c165394 _d165394 |
||